Toutes le communes de Bretagne en "plou" - Statistiques

Statistiques générales
  • Ce quiz a été pris 49 fois
  • Le résultat moyen est 15 sur 66
Statistiques - réponses
Code Postal Commune % Correct
29470 Plougastel-Daoulas
57%
22440 Ploufragan
52%
22580 Plouha
52%
29280 Plouzané
52%
29830 Ploudalmézeau
50%
29430 Plouescat
38%
29810 Plouarzel
36%
29630 Plougasnou
33%
29880 Plouguerneau
33%
56340 Plouharnel
33%
29217 Plougonvelin
31%
29780 Plouhinec
31%
56880 Plouhinec
31%
22970 Ploumagoar
31%
29250 Plougoulm
29%
22820 Plougrescant
29%
29260 Ploudaniel
26%
29810 Ploumoguer
26%
29430 Plounévez-Lochrist
26%
29860 Plouvien
26%
56240 Plouay
24%
22620 Ploubazlanec
24%
29440 Plougar
24%
29260 Plouider
24%
22200 Plouisy
24%
29400 Plounéventer
24%
29600 Plourin-les-Morlaix
24%
29420 Plouvorn
24%
29800 Ploudiry
21%
56400 Plougoumelen
21%
29830 Plouguin
21%
29610/29650 Plouigneau
21%
22420 Plouaret
19%
29800 Plouédern
19%
29640 Plougonven
19%
22300 Ploulec'h
19%
22810 Plounévez-Moëdec
19%
22300 Ploubezre
17%
29420 Plouénan
17%
22470 Plouézec
17%
29252 Plouezoc'h
17%
22300 Ploumilliau
17%
29410 Plounéour-Ménez
17%
56770 Plouray
17%
22410 Plourhan
17%
22860 Plourivo
17%
22420 Plouzélambre
17%
29400 Plougourvest
14%
22220 Plouguiel
14%
29890 Plounéour-Brignogan-plages
14%
29270 Plounévézel
14%
22110 Plounévez-Quintin
14%
22160 Plourac'h
14%
22170 Plouvara
14%
22830 Plouasne
12%
29620 Plouégat-Guérand
12%
29650 Plouégat-Moysan
12%
22810 Plougonver
12%
22780 Plougras
12%
22150 Plouguenast-Langast
12%
22780 Plounérin
12%
29440 Plouzévédé
12%
29690 Plouyé
7%
22260 Plouëc-du-Trieux
7%
22490 Plouër-sur-Rance
5%
22110 Ploguernével
0%
Aucun quiz correspondant
Distribution des résultats
% des personnes avec chaque résultat
Percentile par nombre de réponses
Votre historique - résultats
Vous n’avez pas pris ce quiz